| 000 | 00000nam 2200000zi 4500 |
| 001 | 9.945732 |
| 003 | CaOODSP |
| 005 | 20241128134804 |
| 006 | m o d f |
| 007 | cr mn||||||||| |
| 008 | 241128s1990 onca ob f000 0 eng d |
| 040 | |aCaOODSP|beng|erda|cCaOODSP |
| 086 | 1 |aCo24-3/1-SP90-001E-PDF |
| 100 | 1 |aRam, G., |eauthor. |
| 245 | 10|aPerformance analysis of the FTDCS simulator & operating system / |cby G. Ram, D. Bowen, B.A. Bowen. |
| 264 | 1|aOttawa, Ontario, Canada : |bCompEngServ Ltd., |c1990. |
| 300 | |a1 online resource (1 volume (various pagings)) : |billustrations. |
| 336 | |atext|btxt|2rdacontent |
| 337 | |acomputer|bc|2rdamedia |
| 338 | |aonline resource|bcr|2rdacarrier |
| 490 | 1 |aDOC contract report ; |vDOC-CR-SP-90-001 |
| 500 | |a"March 6, 1990." |
| 500 | |a"Department of Supply and Services contract no: 36001-9-3593, S.N. 660ER-8-0003/39"--Page following title page. |
| 500 | |a"Date: February 21, 1990"--Page following title page. |
| 500 | |aDigitized edition from print [produced by Innovation, Science and Economic Development Canada]. |
| 504 | |aIncludes bibliographical references. |
| 650 | 0|aOperating systems (Computers) |
| 650 | 0|aOperating systems (Computers)|xEvaluation. |
| 650 | 0|aFault-tolerant computing. |
| 650 | 6|aSystèmes d'exploitation (Ordinateurs) |
| 650 | 6|aSystèmes d'exploitation (Ordinateurs)|xÉvaluation. |
| 650 | 6|aTolérance aux fautes (Informatique) |
| 710 | 1 |aCanada. |bDepartment of Communications, |eissuing body. |
| 710 | 2 |aCompEngServ Ltd., |econsultant, |eissuing body. |
| 830 | #0|aDOC contractor report (Canada. Department of Communications)|vDOC-CR-SP-90-001.|w(CaOODSP)9.869864 |
| 856 | 40|qPDF|s3.71 MB|uhttps://publications.gc.ca/collections/collection_2024/isde-ised/Co24-3-1-SP90-001-eng.pdf |